LEADER 01053nam a2200253 i 4500 001 000000216411 003 CaOOAMICUS 005 20171017000000.0 008 171017s1997 it u000 u ita u 013 $a195301 020 $a88-8025-142-2 040 $aSeMil$bita 100 1 $aBagni, Arcangelo.$0(OLS)http://semarc/name/46006 245 13$aIl filo rosso dei Vangeli /$cA. Bagni ... [et al.] ; a cura di Pierantonio Tremolada. 260 $aMilano :$bCentro Ambrosiano,$c1997. 300 $a163 p. ;$c21 cm. 650 4$aBibbia - NT - Vangeli - Introduzioni.$0(OLS)http://semarc/subject/18349 700 1 $aTremolada, Pierantonio,$c.$0(OLS)http://semarc/name/26960 850 $aSeMil 852 $aSeMil$W1$xVenegono$y1$m2V II 321$j166830$B166830$CSeMilBibl$Z2$F219527 $81 961 $aOmaggio: Altro 996 $6020$a88-8025-142-2$9(OLS)http://semarc/number/274617 996 $6245$aIl filo rosso dei Vangeli$9(OLS)http://semarc/title/409629 996 $6260$aMilano :$bCentro Ambrosiano$9(OLS)http://semarc/publisher/29766 LEADER 01332nam a2200301 i 4500 001 000000217590 003 CaOOAMICUS 005 20121210000000.0 008 121210s2012 it u000 u ita u 013 $a196487 020 $a978-88-399-0461-4 040 $aSeMil$bita 100 1 $aKasper, Walter,$c.$0(OLS)http://semarc/name/3462 240 14$aDas Evangelium Jesu Christi [Walter Kasper Gesammelte Schriften Bd. 5].$0(OLS)http://semarc/title/312649 245 13$aIl vangelo di Gesł Cristo /$cWalter Kasper. 260 $aBrescia :$bQueriniana,$c2012. 300 $a311 p. ;$c23 cm. 490 0 $aBiblioteca di teologia contemporanea ;$v161 600 04$aGesł Cristo.$0(OLS)http://semarc/subject/712 650 4$aGesł Cristo - Fede.$0(OLS)http://semarc/subject/9130 650 4$aFede e cristianesimo.$0(OLS)http://semarc/subject/11935 830 0$aBiblioteca di teologia contemporanea ;$v161.$0(OLS)http://semarc/title/14 850 $aSeMil 852 $aSeMil$W1$xVenegono$y1$m2BA M 161$j168004$B168004$CSeMilBibl$Z2$F178770 $81 961 $aSottoscrizione: Queriniana 996 $6020$a978-88-399-0461-4$9(OLS)http://semarc/number/214934 996 $6245$aIl vangelo di Gesł Cristo$9(OLS)http://semarc/title/312648 996 $6260$aBrescia :$bQueriniana$9(OLS)http://semarc/publisher/29615